| 000 | 00576cam a22002051 4500 | ||
|---|---|---|---|
| 040 | _cDLC | ||
| 082 | 0 | 0 | _a641 ADR 1968 C285 Or. |
| 100 | 1 | _aAdrian, Jean, | |
| 245 | 1 | 0 | _aValeur alimentaire de l'arachide et de ses dérivés, |
| 260 |
_aParis, _bG. P. Maisonneuve et Larose, _c1968. |
||
| 300 |
_a275 p. _billus. _c25 cm. |
||
| 490 | 0 | _aTechniques agricoles et productions tropicales, | |
| 650 | 0 | _aPeanuts. | |
| 650 | 0 | _aPeanut products. | |
| 650 | 2 | _aDietary Proteins. | |
| 650 | 2 | _aNutrition. | |
| 650 | 2 | _aPeanuts. | |
| 700 | 1 | _aJacquot, Raymond, | |
| 942 | _cAEDBB | ||
| 999 |
_c22438 _d22438 |
||